000 00314nam a2200133Ia 4500
008 191201s1998 xx 000 0 und d
100 _aCZINKOTA,Michael R.
245 0 _aInternational Marketing
250 _a5th
260 _aN.Delhi
_bDryden press
_c1998
300 _a860+116
650 _aMBA
942 _2ddc
_cBK
999 _c4217
_d4217